000 00352nam a2200133Ia 4500
008 220217s9999||||xx |||||||||||||| ||und||
020 _a9788184870701
082 _a624.15 ROY
100 _aRoy, A.B
245 0 _aFundamentals of geology
260 _aNarosa publishing house
_bNew Delhi
_c2010
300 _aXIV, 291p.
_b520
650 _aGEOLOGY
999 _c187165
_d187165